Doctor Zhivago (Record no. 166016)

MARC details
000 -LEADER
fixed length control field 00457nam a2200169 i 4500
001 - CONTROL NUMBER
control field C2-0303053
003 - CONTROL NUMBER IDENTIFIER
control field PPAK
005 - DATE AND TIME OF LATEST TRANSACTION
control field 20180729001018.0
008 - FIXED-LENGTH DATA ELEMENTS--GENERAL INFORMATION
fixed length control field 100311s2001 xxu|||| ||||| | eng d
040 ## - CATALOGING SOURCE
Original cataloging agency PPAK
Language of cataloging eng
Transcribing agency PPAK
Description conventions rda
245 00 - TITLE STATEMENT
Title Doctor Zhivago
264 #1 - PRODUCTION, PUBLICATION, DISTRIBUTION, MANUFACTURE, AND COPYRIGHT NOTICE
Place of production, publication, distribution, manufacture United States :
Name of producer, publisher, distributor, manufacturer Alliance Entertainment (M) Sdn. Bhd. ,
Date of production, publication, distribution, manufacture, or copyright notice 2001
336 ## - CONTENT TYPE
Source rdacontent
Content type term text
337 ## - MEDIA TYPE
Source rdamedia
Media type term unmediated
338 ## - CARRIER TYPE
Source rdacarrier
Carrier type term volume
942 ## - ADDED ENTRY ELEMENTS (KOHA)
Source of classification or shelving scheme Dewey Decimal Classification
Koha item type Video Compact Disc
Holdings
Withdrawn status Lost status Source of classification or shelving scheme Damaged status Not for loan Home library Current library Shelving location Date acquired Source of acquisition Cost, normal purchase price Full call number Barcode Date last seen Cost, replacement price Price effective from Koha item type
    Dewey Decimal Classification     Perpustakaan Alor Setar Perpustakaan Alor Setar Pinjaman Dewasa 16/06/2010 CC 21.97 791.43 DOC A00803390 05/07/2018 22.00 05/07/2018 Video Compact Disc
    Dewey Decimal Classification     Perpustakaan Baling Perpustakaan Baling Pinjaman Dewasa 16/06/2010 CC 21.97 791.43 DOC A00803389 05/07/2018 22.00 05/07/2018 Video Compact Disc